Statistics for Most Populated Countries Containing 'C'

Click here to take the quiz!

General Stats

  • This quiz has been taken 746 times
  • The average score is 14 of 20

Answer Stats

PopulationCountry% Correct
1,371 milChina
100%
36 milCanada
91%
48 milColombia
89%
18 milChile
88%
77 milD.R. Congo
85%
15 milCambodia
78%
66 milFrance
77%
14 milChad
75%
121 milMexico
73%
11 milCuba
69%
10 milCzech Republic
68%
54 milSouth Africa
67%
23 milCameroon
66%
33 milMorocco
65%
16 milEcuador
55%
10 milGreece
51%
22 milCôte d’Ivoire
48%
6 milNicaragua
45%
10 milDominican Republic
43%
22 milMadagascar
41%

Score Distribution

Percentile by Number Answered

Percent of People with Each Score

Your Score History

You have not taken this quiz